Perspectives on Indian drama in English: (Record no. 76021)
[ view plain ]
| 000 -LEADER | |
|---|---|
| fixed length control field | 00705nam a22002177a 4500 |
| 005 - DATE AND TIME OF LATEST TRANSACTION | |
| control field | 20171017141234.0 |
| 010 ## - LCCN (DPL NO) | |
| LC control number | ENG-107324 |
| 020 ## - INTERNATIONAL STANDARD BOOK NUMBER | |
| International Standard Book Number | 9789380902937 |
| Terms of availability | 995.00 |
| 035 ## - SYSTEM CONTROL NUMBER | |
| System control number | EN-90857 |
| 037 ## - SOURCE OF ACQUISITION | |
| Source of stock number/acquisition | DBAD/PUB |
| 082 ## - DEWEY DECIMAL CLASSIFICATION NUMBER | |
| Classification number | 882.009 |
| 100 ## - MAIN ENTRY--PERSONAL NAME | |
| Personal name | P. Gopichand |
| 245 ## - TITLE STATEMENT | |
| Title | Perspectives on Indian drama in English: |
| Statement of responsibility, etc | by P. Gopichand [and] P. Nagasuseela |
| Remainder of title | splendorous reality / |
| 260 ## - PUBLICATION, DISTRIBUTION, ETC. (IMPRINT) | |
| Place of publication, distribution, etc | Jaipur |
| Name of publisher, distributor, etc | Aadi Publications |
| Date of publication, distribution, etc | 2012 |
| 270 ## - ADDRESS | |
| Address | 18,Jain Bhawan Opp. Shanti Nagar |
| City | Jaipur |
| Postal code | 302006 |
| 300 ## - PHYSICAL DESCRIPTION | |
| Extent | viii, 279p. |
| Dimensions | 22cm(Hb) |
| 500 ## - GENERAL NOTE | |
| General note | Includes index |
| 650 ## - SUBJECT ADDED ENTRY--TOPICAL TERM | |
| Topical term or geographic name as entry element | Indic drama (English) |
| General subdivision | History and criticism |
| 700 ## - ADDED ENTRY--PERSONAL NAME | |
| Personal name | P. Nagasuseela |
| 942 ## - ADDED ENTRY ELEMENTS (KOHA) | |
| Source of classification or shelving scheme | Dewey Decimal Classification |
| Item type | English Books |
| Call number suffix | GOP |
| Classification part | 882.009 |
| Withdrawn status | Lost status | Not for loan | Collection code | Home library | Current library | Date acquired | Source of acquisition | Cost, normal purchase price | Full call number | Barcode | Copy number | Cost, replacement price | Koha item type |
|---|---|---|---|---|---|---|---|---|---|---|---|---|---|
| Not For Loan | Non-fiction | D.B.Act.Division | D.B.Act.Division | 23/05/2013 | DBAD /PUB | 995.00 | 882.009 PER | EN-90857 | 1 | 995.00 | English Books |
